Akcia, ako nástroj vlastného imania diplomová práca

Gespeichert in:
Bibliographische Detailangaben
1. Verfasser: Šimková, Lenka
Körperschaft: Fakulta hospodárskej informatiky EU. Katedra účtovníctva a audítorstva
Weitere Verfasser: Parajka, Branislav, 1981-
Format: Buch
Sprache:Slowakisch
Veröffentlicht: Bratislava 2010
Tags: Tag hinzufügen
Keine Tags, Fügen Sie das erste Tag hinzu!

MARC

LEADER 00000nam$a2200000$$$4500
001 0120172
005 20240318121644.0
041 0 |a slo 
044 |a SK 
245 1 0 |a Akcia, ako nástroj vlastného imania  |b diplomová práca  |c Lenka Šimková ; škol. Branislav Parajka 
264 1 |a Bratislava  |c 2010 
300 |a 58 s. 
100 1 |a Šimková, Lenka 
700 1 |a Parajka, Branislav, 1981- 
710 2 |a Fakulta hospodárskej informatiky EU. Katedra účtovníctva a audítorstva